Методика определения величины соразмерной платы за сервитут на земли сельскохозяйственного назначения, выделяемые для обеспечения функционирования магистральных трубопроводов (Запись № 9609527)

Подробности
000 -МАРКЕР
контрольное поле 02427nam0a2200373 i 4500
001 - ИДЕНТИФИКАТОР ЗАПИСИ
контрольное поле RU\NLR\BIBL_A\010671875
005 - ИДЕНТИФИКАТОР ВЕРСИИ
контрольное поле 20260406131346.0
010 ## - МЕЖДУНАРОДНЫЙ СТАНДАРТНЫЙ НОМЕР КНИГИ (ISBN)
Номер (ISBN) 9785000360521
Тираж 100
021 ## - НОМЕР ГОСУДАРСТВЕННОЙ РЕГИСТРАЦИИ
Код страны Российская Федерация
Номер 2014-94207
Номер Листа государственной регистраци 5728
035 ## - ДРУГИЕ СИСТЕМНЫЕ НОМЕРА
Идентификатор записи (NILC)RuMoRGB-007838256
035 ## - ДРУГИЕ СИСТЕМНЫЕ НОМЕРА
Идентификатор записи (NLR Aleph) 010671875
100 ## - ДАННЫЕ ОБЩЕЙ ОБРАБОТКИ
Данные общей обработки 20150212d2014 k y0rusy50 ca
101 0# - ЯЗЫК РЕСУРСА
Язык текста, звукозаписи и т.д. русский
102 ## - СТРАНА ПУБЛИКАЦИИ ИЛИ ПРОИЗВОДСТВА
Страна публикации Российская Федерация
105 ## - ПОЛЕ КОДИРОВАННЫХ ДАННЫХ: ТЕКСТОВЫЕ МАТЕРИАЛЫ, МОНОГРАФИЧЕСКИЕ
Кодированные данные о монографическом текстовом документе a|||z|||000yy
200 1# - ЗАГЛАВИЕ И СВЕДЕНИЯ ОБ ОТВЕТСТВЕННОСТИ
Основное заглавие Методика определения величины соразмерной платы за сервитут на земли сельскохозяйственного назначения, выделяемые для обеспечения функционирования магистральных трубопроводов
Сведения, относящиеся к заглавию научно-методическое пособие
Первые сведения об ответственности [Нижегор. с.-х. акад.
Последующие сведения об ответственности Титова Вера Ивановна, д.с.-х.н., проф. и др.]
210 ## - ПУБЛИКАЦИЯ, РАСПРОСТРАНЕНИЕ И ДР.
Место издания, распространения и т.д. Нижний Новгород
Имя издателя, распространителя и т. д. ФГБОУ ВПО "Нижегородская государственная сельскохозяйственная академия"
Дата издания, распространения и т.д. 2014
215 ## - ФИЗИЧЕСКАЯ ХАРАКТЕРИСТИКА
Специфическое обозначение материала и объем 42 с.
Другие сведения о физической характеристике ил.
Размеры 20
320 ## - ПРИМЕЧАНИЯ О НАЛИЧИИ В ДОКУМЕНТЕ БИБЛИОГРАФИИ / УКАЗАТЕЛЯ
Текст примечания Библиогр.: с. 41-42 (18 назв.)
606 1# - НАИМЕНОВАНИЕ ТЕМЫ КАК ПРЕДМЕТ
Наименование темы Сельскохозяйственные земли
Формальный подзаголовок Методические пособия
Тематический подзаголовок Оценка
Географический подзаголовок Российская Федерация
Системный номер авторитетной/нормативной записи 2188457
Идентификатор авторитетной/нормативной записи RU\NLR\AUTH\661315680
606 1# - НАИМЕНОВАНИЕ ТЕМЫ КАК ПРЕДМЕТ
Наименование темы Сервитутные правоотношения
Формальный подзаголовок Методические пособия
Географический подзаголовок Российская Федерация
Системный номер авторитетной/нормативной записи 2426536
Идентификатор авторитетной/нормативной записи RU\NLR\AUTH\661444634
606 ## - НАИМЕНОВАНИЕ ТЕМЫ КАК ПРЕДМЕТ
Наименование темы Трубопроводный транспорт
Формальный подзаголовок Методические пособия
Тематический подзаголовок Трубопроводы
-- Строительство
-- Ценообразование
Системный номер авторитетной/нормативной записи 2275423
Идентификатор авторитетной/нормативной записи RU\NLR\AUTH\661363617
686 1# - ИНДЕКСЫ ДРУГИХ КЛАССИФИКАЦИЙ
Индекс У31(2)537.6-861я7
686 1# - ИНДЕКСЫ ДРУГИХ КЛАССИФИКАЦИЙ
Индекс У32(2)-517(2Р)я7
686 1# - ИНДЕКСЫ ДРУГИХ КЛАССИФИКАЦИЙ
Индекс Х623.110.3я7
702 #1 - ИМЯ ЛИЦА - ВТОРИЧНАЯ ОТВЕТСТВЕННОСТЬ
Код отношения Составитель
Материалы, к которым относится поле rus
Графика поля Кириллица
Начальный элемент ввода Титова
Часть имени, кроме начального элемента ввода В. И.
Дополнения к именам, кроме дат д-р с.-х. наук
Расширение инициалов личного имени Вера Ивановна
Идентификатор авторитетной/нормативной записи RU\NLR\AUTH\7731204
Системный номер авторитетной/нормативной записи 14215
712 02 - НАИМЕНОВАНИЕ ОРГАНИЗАЦИИ - ВТОРИЧНАЯ ОТВЕТСТВЕННОСТЬ
Код отношения Прочие
Начальный элемент ввода Нижегородская государственная сельскохозяйственная академия
Идентификатор авторитетной/нормативной записи RU\NLR\AUTH\8821812
Системный номер авторитетной/нормативной записи 317765
801 #0 - ИСТОЧНИК ЗАПИСИ
Страна Российская Федерация
Организация РГБ
Дата составления 20141215
Правила каталогизации RCR
801 #1 - ИСТОЧНИК ЗАПИСИ
Страна Российская Федерация
Организация РГБ
Дата составления 20141215
Источник данных rusmarc
942 ## - ДОПОЛНИТЕЛЬНЫЕ ЭЛЕМЕНТЫ ЗАПИСИ (АБИС)
Тип экземпляра АБИС Книга
980 ## - КОЛЛЕКЦИЯ
Название коллекции НБР

Нет доступных экземпляров.